Kde sa majú banky na pozore, víťazí klient

Predstavy o tom, ako veľmi môžu fintechy nabúrať tradičný bankový biznis, sa rôznia. Zatiaľ čo v USA sú to len dve-tri percentá z retailu, príklad z Ázie ukazuje že to môže byť úplne inak.

Enregistré dans:
Détails bibliographiques
Auteur principal: Kláseková, Martina
Autres auteurs: Záborský, Ján
Format: Chapitre de livre
Langue:slovaque
Sujets:
Tags: Ajouter un tag
Pas de tags, Soyez le premier à ajouter un tag!

MARC

LEADER 00000naa a2200000 4500
001 0217152
005 20231113105322.0
041 0 |a slo 
044 |a SK 
245 1 0 |a Kde sa majú banky na pozore, víťazí klient  |c Martina Kláseková, Ján Záborský 
520 |a Predstavy o tom, ako veľmi môžu fintechy nabúrať tradičný bankový biznis, sa rôznia. Zatiaľ čo v USA sú to len dve-tri percentá z retailu, príklad z Ázie ukazuje že to môže byť úplne inak. 
610 2 0 |a start-up 
610 2 0 |a bankovníctvo elektronické 
610 2 0 |a systémy informačné 
610 2 0 |a technológie informačné 
610 2 0 |a technológie komunikačné 
610 2 0 |a USA 
610 2 0 |a Čína 
100 1 |a Kláseková, Martina 
700 1 |a Záborský, Ján